Normal view
MARC view
- López Casarín, Javier
Entry Nombre Personal
001 - NUMERO DE CONTROL
- campo de control: 47711
003 - IDENTIFICADOR DE NUMERO DE CONTROL
- campo de control: DLC
005 - FECHA Y HORA DE LA ÜLTIMA TRANSACCIÓN
- campo de control: 20230202094106.0
008 - DATOS DE LONGITUD FIJA
- campo de control de longitud fija: 230202n| azannaabn |a aaa c
010 ## - NÚMERO DE CONTROL DE LA BIBLIOTECA DEL CONGRESO
- Número de control LC: ns2019002730
035 ## - NUMERO DE CONTROL
- Número de control: (CaEvSKY)skya12093765
040 ## - FUENTE DE CATALOGACIÓN
- Agencia original de catalogación: MX-SlUA
- Lenguaje de catalogación: spa
- Description conventions: rda
- Agencia de transcripción: MX-SlUA
100 1# - ENCABEZAMIENTO - NOMBRE PERSONAL
- Nombre personal: López Casarín, Javier
372 ## - CAMPO DE ACTIVIDAD
- Field of activity: Gestión ambiental
- Field of activity: Administración
- Fuente del término: lcsh
373 ## - GRUPO ASOCIADO
- Associated group: Universidad de Barcelona
- Associated group: Instituto Nacional de Administración Pública (México)
- Associated group: IE Business School
- Fuente del término: naf
374 ## - OCUPACIÓN
- Occupation: Empresario
375 ## - GÉNERO
- Gender: Masculino
- Fuente del término: lcdgt
377 ## - LENGUA ASOCIADA
- Language code: spa
400 1# - VEÁSE - NOMBRE DE PERSONA
- Personal name: Casarín, Javier López
670 ## - FUENTE EN LA QUE SE LOCALIZARON DATOS
- Cita de la fuente: Innovación: Una Actitud, 2018:
- Información localizada: portada (Javier López Casarín) page 309 (Javier López Casarín. Mexican. He has a master's degree in Environmental Management and Management. Legal and Business Aspects from the Universidad de Barcelona, Specialization in Management and Analysis of Public Environmental Policies by the Instituto Nacional de Administración Pública (INAP) and a postgraduate degree in Senior Public Management from the IE Business School in Madrid)
902 ## - CATALOGADOR
- Catalogador: NDAF/020223
